01583nam a2200301 a 4500001001000000003000900010005001700019007000300036008004000039040003100079082002300110100003900133245005700172264006300229300005700292336002700349337003300376338002800409505054700437590002600984650003001010650002501040650002901065910004101094942001201135952011701147999001701264000034045DO-SdBPM20260123113235.0ta110921s19uu dr ac r 000 0 spa d aDO-SdBPMbspacBPMSU drda 4a781.17bA634c 2221 aAntolín, Teófiloeautor4aut. 10aCompendio de cultura musical /cTeófilo Antolín. aSanto Domingo :bAvante- Promociones Culturales,c[199-?]. a[144 páginas ] :bilustraciones, retrato ;c21 cm. atextobtxt2rdacontent asin mediaciónbn2rdamedia avolumenbnc2rdacarrier0 aLa música en la edad antigua 45 -- La música en la edad media 51 -- La música en el renacimiento 57 -- La época barroca 61-- El clasicismo 67 --Ludwig van Beethoven (1770-1827) 73 -- El romanticismo 77 -- Post-romanticismo o periodo de transición 89 -- El nacionalismo musical (I) 95 -- El nacionalismo musical (II) 101 -- Impresionismo, expresionismo y últimas tendencias en la música 107|XVII América y su música 115| -- a música en la República Dominicana 121 -- Formas musicales (I) 125 -- Formas musicales (II) 131. aInventariado, 2026/VM 7a MúsicaxEnseñanza2  7a Música xHistoria 7aInstrumentos musicales  aVMateo V. Control de calidad. BPMSU  2ddccBK 00102ddc708CDaBPMETbBPMETd2026-01-23l0oBPMSU CD 781.17 A634c pBPMSU26010037r2026-01-23w2026-01-23yBK c15622d15622